Capitales des pays participants à la coupe du monde de foot 1990 - Statistiques

Statistiques générales
  • Ce quiz a été pris 29 fois
  • Le résultat moyen est 19 sur 24
Statistiques - réponses
Capitales % Correct
Amsterdam
100%
Berlin (Bonn)
100%
Rome
100%
Madrid
96%
Brasilia
93%
Londres
93%
Moscou
93%
Washington
93%
Bruxelles
89%
Buenos Aires
89%
Dublin
85%
Montevideo
85%
Bogota
81%
Prague
81%
Stockholm
81%
Belgrade
78%
Seoul
78%
Vienne
78%
Bucarest
74%
Yaoundé
74%
Edimbourg
67%
Le Caire
67%
San José
44%
Abou Dabi
26%
Aucun quiz correspondant
Distribution des résultats
% des personnes avec chaque résultat
Percentile par nombre de réponses
Votre historique - résultats
Vous n’avez pas pris ce quiz